Largest Cities in North America Beginning With 'C' - Statistics

General Stats
  • This quiz has been taken 260 times
  • The average score is 10 of 18
Answer Stats
# Population Country Answer % Correct
1 9,850,000 United States Chicago
98%
3 2,850,000 United States Cincinnati
87%
2 3,100,000 United States Cleveland
86%
5 1,790,000 United States Columbus (OH)
86%
6 1,520,000 Canada Calgary
84%
4 2,525,000 United States Charlotte
82%
10 1,000,000 Mexico Cancún
74%
15 549,777 United States Columbia (SC)
70%
16 548,404 United States Charleston-North Charleston (SC)
65%
9 1,020,000 Mexico Chihuahua
53%
14 559,409 United States Colorado Springs
49%
8 1,100,000 United States Cape Coral
37%
18 381,112 United States Chattanooga
32%
7 1,190,000 Mexico Cuernavaca
23%
11 808,416 Mexico Culiacán
19%
12 767,104 Mexico Celaya
5%
13 703,215 Mexico Chimalhuacán
1%
17 483,455 Mexico Cuautla
1%
No matching quizzes found
Score Distribution
Percent of People with Each Score
Percentile by Number Answered
Your Score History
You have not taken this quiz